Générique - Les cités d'or - Statistiques

Statistiques générales
  • Ce quiz a été pris 1 745 fois
  • Le résultat moyen est 65 sur 75
Statistiques - réponses
Hint Réponse % Correct
le
99%
le
99%
A
98%
du
98%
du
98%
du
98%
la
98%
la
98%
cités
97%
cités
97%
cités
97%
cités
97%
d'or
97%
d'or
97%
d'or
97%
d'or
97%
les
97%
les
97%
les
97%
les
97%
ta
97%
ciel
96%
Paroles Enfant
96%
Enfant
96%
soleil
96%
soleil
96%
Terre
96%
tu
96%
tu
96%
est
95%
destin
94%
destin
94%
Esteban
94%
Esteban
94%
Esteban
94%
parcours
94%
ton
94%
ton
94%
ton
94%
amis
92%
avec
92%
bord
92%
c'est
92%
c'est
92%
Condor
92%
grand
92%
tes
92%
chemin
91%
Et
91%
et
91%
meilleurs
91%
Tao
91%
Tao
91%
Tao
91%
vie
91%
deux
90%
jour
89%
nuit
89%
Zia
89%
Zia
89%
Zia
89%
Cherche
88%
recherches
85%
pareil
67%
sans
67%
l'aventure
55%
t'appelle
55%
elle
54%
vers
54%
cours
52%
pas
51%
n'attend
50%
Refrain ah ah ah ah ah
39%
Refrain ah ah ah ah ah
39%
Refrain ah ah ah ah ah
39%
Aucun quiz correspondant
Distribution des résultats
% des personnes avec chaque résultat
Percentile par nombre de réponses
Votre historique - résultats
Vous n’avez pas pris ce quiz